Dinge, erfunden in diesem Land - Statistiken

Allgemein
  • Dieses Quiz wurde 1.004 mal gespielt
    999 seit der letzten Aktualisierung
  • Das Durchschnittsergebnis liegt bei 7 aus 14
Antwortstatistiken
Ding Erfinder Herkunftsland % Korrekt
🔫 Revolver Samuel Colt USA
94%
☕️ Instantkaffee Satori Kato Japan
70%
🚁 Helicopter Étienne Œhmichen Frankreich
65%
📺 Fernseher Paul Nipkow Deutschland
58%
🎹 Klavier Bartolomeo Cristofori Italien
58%
🌡 °Celsius Anders Celsius Schweden
50%
🖱 Computermaus René Sommer Schweiz
49%
🚽 Klo mit Spülung John Harington Vereinigtes Königreich
48%
🖊 Kugelschreiber László József Bíró Ungarn
44%
🏀 Basketball James Naismith Kanada
36%
🔭 Fernrohr Hans Lipperhey Niederlande
33%
📎 Büroklammer Johan Vaaler Norwegen
30%
🎷 Saxophon Adolphe Sax Belgien
26%
👖 Jeans Jacob Davis Lettland
2%
Keine übereinstimmenden Quizze gefunden
Verteilung der Resultate
Anzahl Personen mit jedem Resultat
Perzentil nach korrekt beantworteten Fragen
Ihre Resultats-Entwicklung
Sie haben dieses Quiz seit der letzten Aktualisierung nicht gespielt